La Construcción nacional del territorio de Guatemala, 1825-1934 /

Con base en la interpretación de mapas antiguos y el análisis de discurso de los decretos dictados por diversos gobiernos guatemaltecos en materia de territorialidad, los autores avanzan algunas explicaciones para entender la fragmentación del territorio guatemalteco en numerosos departamentos

Spremljeno u:
Bibliografski detalji
Glavni autor: Taracena Arriola, Arturo
Daljnji autori: Pira, Juan Pablo Marcos, Celia
Format: Tekst
Teme:
Oznake: Dodaj oznaku
Bez oznaka, Budi prvi tko označuje ovaj zapis!

MARC

LEADER 00000 a a2200000 04500
001 15648
003
040
100 |a Taracena Arriola, Arturo  
245 |a La Construcción nacional del territorio de Guatemala, 1825-1934 /  |c Arturo Taracena Arriola ; Juan Pablo Pira ; Celia Marcos 
500 |a Avance de estudio realizado para la Asociación de Investigación y Estudios Sociales (ASIES) de Guatemala, contará con 26 mapas y cubrirá la construcción territorial del Estado de Guatemala hasta el presente  
520 |a Con base en la interpretación de mapas antiguos y el análisis de discurso de los decretos dictados por diversos gobiernos guatemaltecos en materia de territorialidad, los autores avanzan algunas explicaciones para entender la fragmentación del territorio guatemalteco en numerosos departamentos  
650 |a NACION  
650 |a GEOGRAFIA  
650 |a MAPAS  
700 |a Pira, Juan Pablo   |a Marcos, Celia  
773 |g número 45; páginas 9-33  
999 |c 33869  |d 33869